[Event "U.S. Championship"]
[Site "?"]
[Date "2019.03.31"]
[Round "11.1"]
[White "Xiong, Jeffery"]
[Black "Nakamura, Hikaru"]
[Result "0-1"]
[WhiteElo "2663"]
[BlackElo "2746"]
[EventDate "2019.??.??"]
[Annotator "Bojkov,Dejan"]
[PlyCount "116"]
[Beauty "6462046732298"]
[EventType "game"]

1.d4 {"I pretty much spent the whole night looking at 1.e4..." (Nakamura)} 1...f5 {What else in a must-win situation?!} 2.Nf3 Nf6 3.c4 g6 4.g3 Bg7 5.Bg2 O-O 6.O-O d6 7.Nc3 Nc6 8.d5 Na5 9.b3 ( {White can also go for:} 9.Nd2 c5 10.Qc2 a6 11.b3 b5 12.Bb2 Bd7 13.e3 Rb8 14.Rab1 Qe8 {as in Karjakin,S (2783) -Nepomniachtchi,I (2751) chess.com INT 2017} ) 9...c5 10.Bb2 a6 11.Ng5 Rb8 12.Qd3 Qe8 13.Nd1 ( {It is too early for:} 13.e4 b5 {with counterplay.} ) 13...b5 {A glance at the position reveals that Black can be happy with his opening choice. Not because he has the advantage; in fact Nakamura thought that White is better. What is important here is that not a single pawn has been traded yet and the tension is all over the place. An important thing is that Nakamura has a lot of experience in the arising positions, whereas Xiong plays 1.d4 less frequently.} 14.Qd2 Nb7 {This knight might be a problem sometimes in the arising pawn structure but in comparison to the KID Black has the f7 square available for it.} 15.Ne3 ( {Since White is always looking for a chance to play in the center (and ideally open the e-file to expose the e7 pawn) the move:} 15.e4 {always comes to mind. It does not yield anything particular though after:} 15...h6 16.Ne6 Bxe6 17.dxe6 Nxe4 18.Bxe4 fxe4 19.Bxg7 Kxg7 20.Re1 bxc4 21.bxc4 Nd8 {and it might be even Black who is somewhat better.} ) 15...Nd8 16.Nh3 $146 {A novelty.} ( {In a email predecessor White did well after:} 16.Rab1 h6 17.Nh3 Ne4 18.Bxe4 fxe4 19.Bxg7 Kxg7 20.Nf4 {Paluch,A-Ackley,P (1946) ICCF email 2011} ) ( {In any case, it made sense to keep the knight on g5 and provoke h7-h6. Anther interesting idea was:} 16.Rad1 $5 h6 ( {If} 16...Nf7 {White is always ready to sacrifice a pawn with:} 17.Ne6 Bxe6 18.dxe6 Nd8 19.Nd5 Nxe6 20.cxb5 axb5 21.Nxf6+ Bxf6 22.Bd5 Qd7 23.Qe3 Kf7 24.Rd2 {with ample compensation thanks to the pin.} ) 17.Nh3 {Not fearing} 17...g5 18.f4 ) 16...Bd7 17.Rad1 {Xiong solidified the center.} 17...b4 $1 {However Nakamura fixed a potential weakness on the queenside.} 18.Qc2 a5 19.Nf4 a4 20.h4 Ra8 21.Qb1 Ra6 {Black's play is definitely easier. He is threatening to open the a-file in a good moment, but may also play on the kingside. At the same time it is difficult to say what does White do concretely.} 22.Bf3 Qf7 23.Neg2 {"I am sure that White is fine (after this move), but the the tides are turning very quickly." (Nakamura)} 23...Ng4 $1 {Taking the good opportunity to secure some nice squares for his pieces. White's dark-squared bishop is extremely important for the stability of the flank, but now it has to leave.} 24.Bxg4 ( {Similar is:} 24.Bxg7 Qxg7 25.Bxg4 axb3 $5 26.axb3 ( 26.Bf3 $6 bxa2 27.Qa1 Qxa1 28.Rxa1 b3 ) 26...fxg4 ) ( {If White stays with something like:} 24.Rfe1 {then the second player can further soften the queenside with:} 24...Bxb2 25.Qxb2 Qf6 ) 24...fxg4 25.e4 {In search for counterplay while e4-e5 is also on the agenda.} 25...Bxb2 26.Qxb2 Qg7 $1 {Now the a-file is secured for the black major pieces.} 27.Qxg7+ Kxg7 28.e5 $1 {Just in time. Otherwise Black will transfer his knight there, and maybe even further to f3.} 28...Bf5 ( {Not} 28...dxe5 $2 29.Nd3 Ra5 30.Nxe5 {when White is more than fine.} ) 29.exd6 exd6 30.Rfe1 {Xiong also got a file for his rooks.} ( {It was way more tedious for the white pieces to attack something. If} 30.Ne3 Be4 {as} 31.Nxg4 {drops the exchange after} ( 31.Rfe1 $5 ) 31...Bf3 ) 30...Nf7 $1 {Avoids the trap.} ( {The obvious idea was to attack the b3 pawn advance. However after:} 30...axb3 31.axb3 Bc2 ( {White also gets enough counterplay after:} 31...Ra3 32.Ne6+ Nxe6 33.dxe6 Rxb3 34.Rxd6 ) 32.Re7+ Rf7 33.Rde1 Bxb3 34.Re8 $1 {it transpires that the knight cannot be easily held, no matter which rook defends it:} 34...Ra8 ( {And if} 34...Nb7 35.Ne6+ Kh6 36.Ne3 {would put the black king in delicate situation.} ) 35.Rxd8 $1 ) 31.Re7 ( {Here it made sense to swap off the dangerous bishop with:} 31.Ne6+ $1 Bxe6 32.dxe6 {True, the black knight becomes very strong after:} 32...Ne5 33.Kf1 axb3 34.axb3 Nf3 {but White has more chances to hold after activating his own steed:} 35.Re3 Nd4 36.Nf4 ) 31...Kf6 32.Rb7 {White searches for counterplay on the queenside.} ( {The computer suggested the exchange sacrifice with:} 32.Re6+ Bxe6 33.dxe6 {To which Nakamura intended to sacrifice his knight in return with:} 33...axb3 34.axb3 ( 34.exf7 $2 bxa2 ) 34...Rfa8 ( {If} 34...Ne5 35.Nd5+ Kg7 36.e7 {with compensation for the exchange thanks to the strong knight on d5.} ) 35.exf7 ( 35.Nd5+ Kxe6 36.Nc7+ Kd7 ) 35...Kxf7 {The rook and the pawn often outperform the knights in the endgames, plus White has an obvious weakness on b3.} ) 32...axb3 33.axb3 Rfa8 34.Ne3 Ra1 $1 {What have started with the move b5-b4! reached its logical finish. Black breaks through the open a-file and gets closer to the title.} ( {He should not have rushed though:} 34...Ra3 $2 {throws away the advantage due to:} 35.Nxf5 gxf5 36.Re1 Ne5 37.Re3 ) 35.Kf1 Ne5 {This complicates the win.} ( {Better was to keep the active bishop on board with:} 35...Rxd1+ $1 36.Nxd1 Ra1 37.Ke2 ( 37.Ke1 $2 Bc2 ) 37...Ra2+ 38.Kf1 Be4 $1 {with total control. Soon White will be helpless against the combined attack of the black pieces.} ( {But again no rush!} 38...Bc2 $2 39.Ne3 Bxb3 40.Nxg4+ Kf5 41.Ne3+ {saves White.} ) ) 36.Rxa1 Rxa1+ 37.Ke2 Nf3 ( {Here} 37...Be4 {might be met with:} 38.Rb6 {which is not pleasant to calcutate close to the time control.} ) 38.Nxf5 Kxf5 {The black king is ready for a deadly visit.} ( {Not} 38...gxf5 $2 39.Nh5+ Kg6 40.Nf4+ Kh6 41.Rb6 {and White is out of the woods.} ) 39.Ke3 {The only move.} ( 39.Rb6 $2 {leads to mate after} 39...Ke4 40.Rxd6 Re1# ) ( {Whereas} 39.Rd7 {loses again to} 39...Ke4 40.Re7+ Kd4 41.Ne6+ Kc3 ) 39...Re1+ 40.Kd3 Ne5+ 41.Kd2 Ra1 {It seems as Xiong will through in the towel in any moment, but he shows his usual tactical creativity and gives Nakamura a run for his money.} ( 41...Rb1 42.Kc2 Rf1 43.Nd3 {keeps White in the game.} ) 42.Ne6 $1 {White can also create threats!} ( {The other moves lose:} 42.Ke3 Rb1 ) ( {Or} 42.Rxh7 Ra2+ 43.Ke1 Ra3 ) 42...h6 $1 {Securing the g5 square.} ( {White's idea is revealed in the line:} 42...Ra2+ 43.Ke3 $1 Kf6 44.Ng5 Kf5 45.Ne6 {when it might well be the black king which will be mated!} ) ( 42...Ke4 43.Ng5+ Kd4 44.Ne6+ {also leads Black nowhere.} ) 43.Rb6 Ra3 44.Kc2 Ra2+ 45.Kd1 Nd3 46.Rxd6 Nxf2+ 47.Ke1 ( {Or} 47.Kc1 Nd3+ 48.Kb1 Rb2+ ) 47...Nd3+ 48.Kd1 Ke4 {Just one more move and the black pieces will be united with Ke4-e3 and mate will be inevitable.} 49.Nc7 $1 ( 49.Nf4 {is hopeless after} 49...Nxf4 50.gxf4 g3 ) ( {So is a move like} 49.Nf8 Kd4 {as the king can support the mate from the other side too.} ) 49...Nf2+ $1 ( {Avoiding another trick after:} 49...Kd4 50.Nb5+ $1 Ke3 51.Re6+ ) 50.Ke1 ( 50.Kc1 $1 {was more stubborn.} ) 50...Kd3 51.Rxg6 Ne4 52.Kf1 Nxg3+ 53.Kg1 ( {There is no salvation on the queenside either:} 53.Ke1 Re2+ 54.Kd1 Rf2 55.Kc1 Ne2+ 56.Kb2 Nc3+ 57.Ka1 Ra2# ) 53...Ne2+ 54.Kh1 ( 54.Kf1 g3 $1 ) 54...Ke3 $1 {The last piece joins the attack. The end is near.} 55.Rf6 ( {Or mate after} 55.Rxg4 Kf3 56.Rg6 Ng3+ 57.Kg1 Rg2# ) 55...Ra1+ 56.Kg2 Rg1+ 57.Kh2 g3+ 58.Kh3 Rh1+ {Mate is inevitable. Congrats to Nakamura!} ( 58...Rh1+ 59.Kg2 Rh2+ 60.Kf1 g2+ 61.Ke1 Rh1+ ) 0-1

[Event "E World Team Championship"]
[Site "FIDE"]
[Date "2019.03.05"]
[Round "1.4"]
[White "Artemiev, Vladislav"]
[Black "Firouzja, Alireza"]
[Result "1-0"]
[WhiteElo "2736"]
[BlackElo "2657"]
[EventDate "2019.??.??"]
[Annotator "Bojkov,Dejan"]
[PlyCount "73"]
[Beauty "7903142494753"]
[EventType "team-tourn"]
[EventCountry "FID"]

1.d4 Nf6 2.Nf3 g6 3.g3 Bg7 4.Bg2 O-O 5.O-O d6 6.Re1 {Not a very common way to transpose into the Fianchetto Pirc, although the likes of Kramnik, Aronian and Ivanchuk exploit it quite often.} 6...Nbd7 ( {Artemiev is also not a stranger to this move order. One recent example of his ran:} 6...c5 7.dxc5 dxc5 8.Qxd8 Rxd8 9.c3 Nc6 10.Be3 c4 $5 11.Na3 Nd5 12.Nxc4 b5 13.Ncd2 Nxe3 14.fxe3 Bh6 {with compensation for a pawn in Artemiev,V (2704)-Ponkratov,P (2601) Sochi 2018} ) 7.e4 e5 8.Nc3 b6 ( {Another way to develop was:} 8...Re8 9.h3 c6 ( {Or} 9...b6 10.a4 a6 11.d5 a5 12.Nd2 Re7 13.Nc4 {as in Aronian, L (2797)-Rapport,R (2700) Gibraltar 2018} ) 10.a4 b6 11.Bg5 Bb7 12.Qd2 Qc7 13.Rad1 a6 {as in Kramnik,V (2792)-Grischuk,A (2766) Paris 2018} ) 9.h3 Bb7 10.d5 Qe7 11.Bg5 $146 {A novelty and a typical provocation. White is fighting the freeing c7-c6 advance as early as possible. He intends Qd1-d2, therefore Black's next move is more or less forced.} ( {White go the slightly better chances in the predecessor:} 11.a4 a6 12.Nd2 Kh8 13.a5 b5 14.Na2 Ng8 15.Nb4 {Steinkohl,T (2330)-Slobodjan,R (2520) Dudweiler 1996} ) 11...h6 {Firouzja is not afraid of the possible tempo gainer on the c1-h6 diagonal.} 12.Be3 Rac8 {But this looks inaccurate.} ( {Black should have fought for the center without any preparation:} 12...c6 {Then he does not need to fear neither the immediate:} 13.Qd2 ( {Nor the same move after the preliminary:} 13.dxc6 Bxc6 14.Qd2 Nxe4 15.Nxe4 Bxe4 16.Bxh6 Nf6 {In both cases Black has normal play.} ) 13...cxd5 ) 13.Qd2 Kh7 14.Nh2 $1 {Now White obtains strong control of the d-file.} 14...c6 15.dxc6 Rxc6 {Awkward, but what else?!} ( {After:} 15...Bxc6 16.Rad1 Nc5 17.Bxc5 $1 {is unplesant for Black-} 17...dxc5 18.Nd5 ) 16.Ng4 {From the Pirc Black got into a Najdorf type of position and since his pieces are sowewhat awkwardly placed for the play in the center his position is worse. Therefore Firouzja goes for:} 16...Qe6 $1 {Which practically sacrifices a pawn.} ( {Otherwise, after} 16...h5 17.Nxf6+ Nxf6 18.Rad1 {White will have everything that he wants: a weak backward pawn along the d-file as well as a huge outpost for the white pieces on the d5 square.} ( {Or} 18.Bg5 ) ) 17.Bxh6 {The only good capture.} ( 17.Nxh6 $2 {will present Black more than enough compensation after:} 17...Rxc3 $1 18.bxc3 Nxe4 19.Bxe4 Bxe4 20.Ng4 f5 ) 17...Nxg4 18.Bxg7 Kxg7 19.hxg4 Qxg4 20.Nb5 {This is the problem: Black cannot defend adequately on d6. He however pins his hopes on the counterplay along the open h-file and eventually the a6-f1 diagonal.} 20...Nf6 {Another inaccuracy, although not that obvious at all.} ( {Black could have saved on this tempo with the direct move:} 20...Rh8 {Apparently, The Iranian GM was afraid of:} 21.Nxd6 Ba6 22.Qd5 {But then:} ( {The other lines also look fine for Black:} 22.c4 Qh5 23.Ne8+ ( 23.b3 Nf6 ) 23...Kf8 $3 ( 23...Rxe8 24.Qxd7 ) 24.Qxd7 Bxc4 25.f3 Bb5 $1 ) ( {Most likely White should play similarly to the game:} 22.b3 Qh5 23.c4 Nf6 24.Rad1 Bc8 {although this is also very unclear.} ) 22...Rxd6 $1 {is strong and after:} 23.Qxd6 Qh5 24.f3 Qh2+ 25.Kf2 Rh3 26.Rh1 Qxg3+ 27.Kg1 Rxh1+ 28.Kxh1 Nf6 {with the threats of Ba6-e2, Ba6-c8-h1 and Nf6-h5-f4 Black has enough for the exchange.} ) 21.Nxd6 Ba6 ( {Not:} 21...Rd8 22.Nf5+ ) 22.Rad1 Rh8 23.b3 {Getting ready to block the bishop whenever needed.} 23...Rc7 ( {White is repelling the attack after:} 23...Qh5 24.c4 Qh2+ 25.Kf1 b5 ( {Or} 25...Bc8 26.Nxc8 Rcxc8 27.Qg5 ) 26.Nxb5 ( {The other choice also looks reasonable:} 26.cxb5 Rxd6 27.Qxd6 Bxb5+ 28.Rd3 Ng4 29.a4 Bxd3+ 30.Qxd3 ) 26...Bc8 27.Qd3 Bg4 28.Rd2 {in both cases White preserves the extra material.} ) 24.c4 {The attack along the h-file did not succeed. Black searches counter-chances related to the pin.} 24...Rd7 25.Qc3 Qe6 ( {Not} 25...Rhd8 26.Qxe5 ) 26.f4 $1 {However, Artemiev is ready for counter-attack. The white pieces look very comfortable in the center.} 26...Ng4 ( {The endgame is difficult for Black:} 26...Rxd6 27.fxe5 Rxd1 28.exf6+ Qxf6 29.Qxf6+ Kxf6 30.e5+ $5 Ke6 31.Rxd1 Kxe5 32.Rd7 ) 27.fxe5 Bb7 $2 {Allows a 'petite combinaison'.} ( {But Black was in trouble anyway and the capture with the knight:} 27...Nxe5 {would not work due to} 28.Nf5+ $1 gxf5 29.Rxd7 ) ( {However:} 27...Qxe5 $1 {was his best chance when after} 28.Qxe5+ Nxe5 29.Rd5 f6 {Black can still put strong resistance thanks to the super-knight on e5.} ) 28.Ne8+ $1 {This effectively finishes the game.} 28...Kg8 ( 28...Rxe8 $2 {drops material after} 29.Rxd7 Qxd7 30.e6+ ) ( {So does} 28...Qxe8 $2 29.Rxd7 ) 29.Rxd7 ( 29.Nf6+ Nxf6 30.exf6 {would be also good.} ) 29...Qxd7 30.Nf6+ Nxf6 31.exf6 Qc7 32.Rd1 {White is two pawns ahead, the rest is easy.} 32...Rh5 33.Qe3 Qe5 34.Qf4 Qc5+ 35.Kf1 Bc6 36.Rd8+ Kh7 37.Qb8 1-0

[Event "E World Team Championship"]
[Site "FIDE"]
[Date "2019.03.11"]
[Round "6.1"]
[White "Karjakin, Sergey"]
[Black "Naiditsch, Arkadij"]
[Result "0-1"]
[WhiteElo "2753"]
[BlackElo "2710"]
[EventDate "2019.??.??"]
[Annotator "Bojkov,Dejan"]
[PlyCount "128"]
[Beauty "6117778265658"]
[EventType "team-tourn"]
[EventCountry "FID"]

1.e4 c5 {For many years people were afraid to choose the Sicilian against Karjakin. Any Sicilian. But Naiditsch is fearless.} 2.Nf3 Nc6 3.d4 cxd4 4.Nxd4 e5 5.Nb5 d6 6.N1c3 a6 7.Na3 b5 8.Nd5 Nge7 {This move is the main difference of the Kalashnikov, in comparison to the usual Sveshnikov line. The knight is more flexible on e7 and it cannot be easily swapped for the white dark-squared bishop.} 9.c4 Nxd5 ( {The other direction is:} 9...Nd4 10.Bd3 Nxd5 11.exd5 bxc4 12.Nxc4 Be7 13.O-O O-O {Ragger,M (2687)-Miton,K (2588) St Petersburg 2018} ) 10.cxd5 Nd4 11.Bd3 g6 12.O-O Bg7 13.Be3 O-O 14.Bxd4 exd4 {Now we are in a position which is more typical for the Accelerated Dragon. Or the KID.} 15.Nc2 Bd7 16.Ne1 $146 {Karjakin tries to improve on an earlier game of Naiditsch. The knight is heading to the f3 square. White hopes that he has enough time to regroup his troops and eventually win the isolated pawn on d4.} ( {In that other game Black did well after} 16.Qd2 Rc8 ( {It is not that easy to deal with the d4 pawn either after:} 16...a5 17.Rad1 Rc8 18.Be2 Qb6 {As:} 19.Nxd4 {is dubious due to} 19...Qxd4 20.Qxd4 Bxd4 21.Rxd4 Rc2 {with advantage for Black.} ) 17.Ne1 Qb6 18.Nf3 a5 19.a3 Rc5 20.h3 Rb8 21.Rfc1 h6 22.Rc2 a4 {and Black eventually won in Korneev,O (2557)-Naiditsch,A (2702) Heraklio 2017} ) 16...Qb6 17.Nf3 a5 {However, Naiditsch plays very energetically and does not allow the aforementioned plan.} 18.h3 {This takes under control the g4 square and avoids the possible pin after Bd7-g4. It's possible that Karjakin later regretted this move.} ( {After} 18.Qd2 {Black can always through in the Bg4 move to level the chances. For example:} 18...Rfc8 ( 18...Bg4 $5 ) 19.Rfd1 Bg4 $5 ( {Although Black can play for more, just like in the game with:} 19...Rc5 20.Bf1 Bg4 ) ) 18...a4 $1 {In order to force a concession on the queenside.} 19.Qd2 ( 19.a3 {will allow Black a chance to open files on the queenside with} 19...b4 ) 19...a3 {Now Black secures a strong outpost on c3. The d4 pawn is not a weakness at all!} 20.b3 Rac8 21.Rfe1 Rfe8 {Black is very careful not to allow central counterplay.} ( {After:} 21...Rc3 22.e5 dxe5 23.Nxe5 Qd6 24.Nxd7 Qxd7 25.Rad1 {A curious line runs:} 25...Qxd5 26.Bxg6 hxg6 27.Qxc3 Qxg2+ 28.Kxg2 dxc3 {with compensation for the exchange.} ) 22.Rad1 {White is ready to move the bishop away and grab the central pawn.} 22...Rc3 {The rook is not just decorative there. It does tremendous work.} 23.Kh2 {In order to defend the h3 pawn. The strong influence of the rook is felt.} ( {The white bishop cannot move away:} 23.Bf1 Bxh3 $1 ) 23...Qd8 $1 {A very neat move. Once again Naiditsch prevents the bishop motion.} ( 23...Qc5 {is not as accurate and White can win the pawn after} 24.Bb1 b4 25.Nxd4 ) 24.b4 ( {Since} 24.Bb1 $2 {loses to} 24...Rxf3 $1 25.gxf3 Qh4 ) ( {Whereas} 24.Bf1 $2 Rxf3 $1 25.gxf3 Qh4 {also leads to a tremendous attack on the dark squares.} ) 24...Qf6 25.Ng1 {A sad retreat.} ( {The bishop is still frozen} 25.Bb1 $2 Rxf3 ) 25...g5 $1 {This is it! Thanks to his active play Black managed to build strong pressure on the dark squares.} 26.Ne2 {It seems Karjakin will finally get rid of the annoying rook.} ( {This time} 26.Bb1 {does not lose but allows an attack with} 26...g4 ) 26...Qxf2 $1 {But it did not even tremble.} 27.Qxg5 $1 {The only defence.} ( {After} 27.Nxc3 Be5+ 28.Kh1 Qg3 29.Kg1 {Black has a pleasant choice between:} 29...Bxh3 {Then if the knight moves:} ( {Or} 29...dxc3 30.Qe3 Qh2+ 31.Kf2 Bf4 32.Qf3 g4 {with more than enough compensation for the exchange.} ) 30.Nxb5 $2 {Black mates:} 30...Qh2+ 31.Kf1 Qh1+ 32.Ke2 Qxg2# ) 27...h6 28.Qg3 Qxg3+ 29.Kxg3 Rxe4 {Spectacular.} ( {Although objectively better was:} 29...Rcc8 ) 30.Nxc3 {Not the best way to take the exchange.} ( {Better was:} 30.Kf2 $1 Re5 ( {If} 30...Rxd3 31.Rxd3 Bf5 32.Rxa3 ) ( {Or} 30...Rh4 31.Nxc3 dxc3 32.Re7 ) 31.Nxc3 dxc3 32.Rxe5 Bxe5 33.Ke2 {which leads to a much better version of the game continuation for White.} ) 30...Be5+ 31.Kf2 Rf4+ {This rook survives and will play a key role into the building of Black's initiative later.} 32.Ke2 dxc3 33.Rb1 Rd4 34.Rb3 Rxd5 35.Rd1 ( {Or} 35.Rxa3 Kg7 ) 35...Be6 36.Rxa3 Bf6 {Another nice maneuver. The rook finds the ideal square. For the exchange Naiditsch got a pair of connected passers, a pawn, the bishop pair.} 37.Bc2 ( {If} 37.Be4 Re5 38.Kf3 d5 39.Bc2 Rg5 {is similar to the game.} ) 37...Rg5 38.Kf2 d5 39.Ra8+ {A typical time-trouble check.} ( {However, much better was the immediate:} 39.Ra5 d4 40.a4 {Then White would have had good chances to survive. For example:} 40...Bc4 41.axb5 Bxb5 42.Bd3 Bxd3 43.Ra8+ Kg7 44.Rxd3 Rb5 45.Rg3+ Kh7 46.Ra7 Bh4 47.Rxf7+ Kh8 48.Rf8+ Kh7 49.Rf7+ {with perpetual.} ) 39...Kg7 40.a4 d4 $1 {Advancing the passers is the primary goal for Black. Plus, they advance with tempos here.} 41.g4 ( {There is no time for} 41.axb5 {due to Black's main threat:} 41...Bd5 42.Ra7 Rxg2+ ) ( {The last chance was:} 41.Ra5 $1 bxa4 42.Rxg5+ Bxg5 43.Bxa4 Be3+ {although Black is better here too.} ) 41...Bc4 $1 42.axb5 ( 42.Bd3 $5 ) 42...Re5 {Naiditsch decides the game with direct attack against the white king.} 43.Rc8 Re2+ 44.Kf3 Re3+ 45.Kf2 Bxb5 46.Bf5 ( {Or} 46.Rc5 Bh4+ 47.Kg1 d3 48.Bxd3 Rg3+ 49.Kh2 Ba4 50.Rc1 Rxd3 51.R5xc3 Rd2+ 52.Kh1 Be7 ) 46...Be2 47.Rb1 Bh4+ {Notice how well co-ordinated the black pieces are. They quickly set a mating net around the enemy king.} 48.Kg2 Bf3+ 49.Kg1 Re2 50.Rf1 ( {Or mate after} 50.b5 Rg2+ 51.Kf1 Rh2 ) 50...Rg2+ 51.Kh1 Bf2 52.Bd3 ( {Black wins after} 52.Rxf2 Rxf2+ {thanks to the connected passers.} ) 52...Rxg4+ {Time for the final storm.} 53.Kh2 Rg2+ 54.Kh1 Rg5+ 55.Kh2 Bg3+ 56.Kg1 Bf4+ 57.Kf2 Bb7 58.Rc5 Rg2+ 59.Ke1 Bg3+ 60.Kd1 Rd2+ 61.Kc1 Rxd3 62.Rcf5 Be4 63.Rxf7+ Kg6 64.R1f6+ Kh5 0-1